75 Jahre ost- und westpreußische Landesforschung

Titel: 75 Jahre ost- und westpreußische Landesforschung : Historische Kommission zieht Bilanz und zeigt Perspektiven für die Zukunft auf
Verfasser:
In: ˜Dasœ Ostpreußenblatt, Band 49, Heft 24 (1998), Seite 12
alle Artikel anzeigen
Veröffentlicht: 1998
Format: Aufsatz
Sprache: Deutsch
Kein Bild verfügbar
X
alg: 39258918
001A    $01999:11-11-16 
001B    $01999:28-04-17 $t15:06:51.000 
001C    $06050:19-11-16 $t09:17:45.000 
001D    $01999:11-11-16 
001U    $0utf8 
001X    $00 
002@    $0Aox 
003@    $0392589184 
007A    $0392589184 $aHEB 
007T    $0Herd08746 
010@    $ager 
011@    $a1998 
021A    $a75 Jahre ost- und westpreußische Landesforschung $dHistorische Kommission zieht Bilanz und zeigt Perspektiven für die Zukunft auf 
028A    $#Jähnig, Bernhart Arnulf $7122464400 $8Jähnig, Bernhart$Z1941- [Tp1] $910139912X 
031A    $d49 $e24 $h12 $j1998 
037A    $aBetr. Tagung in Elbing 15./16. Mai 1998 
037A    $aDot. konferencji w Elblągu 15 - 16 V 1998  
039B    $aIn $8--Abvc--. Das @Ostpreußenblatt. - Hamburg : Landsmannschaft, 1950-2003. - ISSN 0947-9597 $x199800000490024988 $9047780835 
045T    $a7,41 $a8,1 

lok: 39258918 78

exp: 39258918 78 1 #EPN
201B/01 $020-12-17 $t22:59:10.000 
201U/01 $0utf8 
203@/01 $0788687395 
208@/01 $a11-11-16 $be 
209A/01 $a/ $f000 $x00 
220C/01 $aTitelaufnehmer: nk 
244Z/01 $2Trx $#Prusy Wschodnie i Zachodnie $8--Trx--Ost- und Westpreußen $x01 $939113373X 
244Z/01 $#Elbing $#Elbing Elbląg $71028071-6 $8--Tg1--Elbląg $x02 $9042042631 
244Z/01 $aGeschichte 1998 $x03 
244Z/01 $2Trx $#komisjonid, ajaloolised $#istorikų komisijos $#Commissions, historical $#komissziók, történelmi $#komisje historyczne $#komisie historické $#komise historické $8--Trx--Kommissionen, historische $x04 $9391355600 
244Z/01 $2Trx $8--Trx--Zeitschriftenaufsatz $x05 $9391384341 
244Z/01 $2Trx $#tegevusaruanne $#veiklos ataskaitos $#progress reports $#tevékenységi beszámolók $#sprawozdania z działalności $#správy o činnosti $#zprávy o činnosti $8--Trx--Tätigkeitsberichte $x06 $9391354353 
244Z/01 $2Trx $#uuringute aruanne $#mokslinės ataskaitos $#Research reports $#kutatói beszámolók $#sprawozdania z badań $#správy výskumné $#zprávy výzkumné $#Literaturberichte $#správy literárne $8--Trx--Forschungsberichte $x07 $9391383523 
245Z/01 $a01.05 $x01 
247C/01 $82080>Marburg/Lahn, Herder-Institut, Forschungsbibliothek, Bibliographieportal $9336309341
LEADER 00000caa a22000002c 4500
001 392589184
003 DE-603
005 20170428150651.0
007 tu
008 161111s1998 xx |||| | u00||u|ger c
035 |a (DE-599)HEB392589184 
040 |a DE-603  |b ger  |c DE-603  |d DE-603 
041 |a ger 
084 |a 7,41  |a 8,1  |2 ssgn 
100 1 |a Jähnig, Bernhart  |d 1941-  |0 (DE-603)10139912X  |0 (DE-588)122464400  |2 gnd 
245 0 0 |a 75 Jahre ost- und westpreußische Landesforschung  |b Historische Kommission zieht Bilanz und zeigt Perspektiven für die Zukunft auf 
264 0 |c 1998 
500 |a Betr. Tagung in Elbing 15./16. Mai 1998 
500 |a Dot. konferencji w Elblągu 15 - 16 V 1998 <pol> 
773 0 8 |i In  |t ˜Dasœ Ostpreußenblatt  |d Hamburg : Landsmannschaft, 1950-2003  |x 0947-9597  |g Band 49, Heft 24 (1998), Seite 12  |w (DE-603)047780835  |w (DE-600)529299-2 
924 0 |9 2080  |a (DE-603)788687395  |b DE-2080  |c HES  |d d  |g /